| 000 | 01406nam a2200217Ia 4500 | ||
|---|---|---|---|
| 999 |
_c7860 _d7860 |
||
| 005 | 20230420170525.0 | ||
| 008 | 230418s9999 xx 000 0 und d | ||
| 020 | _a84-362-1836-1 | ||
| 040 |
_aUPAN _cBiblioteca San Vicente _eRCAA2 |
||
| 041 | _aspa | ||
| 082 |
_a332.175 4 _bM673e |
||
| 100 |
_aMorales-Arce Macias, Rafael. _4aut. |
||
| 245 | 0 |
_aEconomía de la empresa: _b inversión y financiación. (I) _cRafael Morales-Arce Mancías |
|
| 250 | _a5° ed., 2° reimp. | ||
| 260 |
_aMadrid: _bUNED, _c1996 |
||
| 300 |
_a522 p.; _c24 cm. |
||
| 505 | _aTema I: Empresa, Economía de la empresa y función financiera Tema II: Valoración de la empresa Tema III: Aspectos básicos de la producción Tema IV: La inversión. Inversión en bienes de equipo Tema V: La inversión en existencias o stocks Tema VI: La inversión en recursos humanos Tema VII: Análisis critico de los criterios clásicos de valoración y selección de inversiones Tema VIII: La inflación y los impuestos en los mercados clásicos de valoración y selección de inversiones Tema IX: La selección de proyectos de inversión en ambiente de riesgo Tema X:Estudio aleatorio de inversiones, distribuciones estadísticas de interés Tema XI: Planificación de inversiones Tema XII: Recapitulación y supuesto practico de inversión Tema | ||
| 650 |
_2LEMB _xFinanzas |
||
| 650 |
_2LEMB _xInversión |
||
| 942 |
_cBK _2ddc |
||